000 01635nam a2200433 c 4500
999 _c93701
_d93701
003 BLK
005 20250423132711.0
008 180408b bul|||||r ||||||| ||bul||
010 _aKNG00098509000
040 _aBLK
041 _aBUL
_cBUL
072 7 _2bullib
_aК
_xКраезнание
072 7 _2bullib
_aН79
_xСпорт Н
072 7 _2bullib
_aРА
_xРусенски автори
080 _aСпорт. Спортни игри. Физическа култура. Вж и 613;615.82;685.6/.7; 723.8; 793.3; 794
_b796
_x(497.215)(091)(0:82-9)
_z796(497.215)(091)(0:82-9)
080 _aБългарска литература
_b821.163.2
_x-94
_z821.163.2-94
100 _aНедков, Александър Георгиев
_d1946-
_9304267
139 _aНедков, Александър Георгиев
_bН 45
245 1 0 _aСлед върха на славата
_cАлександър Георгиев Недков.
257 _aBGR
260 _bАвангард принт
_c2010
300 _a190 с.
_bсъс сн.
_c20 см
380 _a79
650 4 _aСпортисти, български - Русе
_9265945
650 4 _aРусе - спорт и физическа култура
_9284446
653 _aспорт
653 _aрусенски спортисти
653 _aспомени
659 _aК
659 _aН
852 _aЦб 250171
852 _aК 796/799/Н 45
856 4 _qpdf
856 4 _qpdf
942 _cKNG
_n0
_08
_s1
944 _aCR
_c03.12.2010
_lСилвия Димитрова
_k30538
944 _aED
_c21.01.2014
_lф /
999 _d93701